| 000 | 01377nam a22003494a 4500 | ||
|---|---|---|---|
| 001 | ebr10256890 | ||
| 003 | CaPaEBR | ||
| 006 | m u | ||
| 007 | cr cn||||||||| | ||
| 008 | 040205s2004 enka sbf 001 0 eng | ||
| 010 | _z 2004101730 | ||
| 020 | _z1412900689 | ||
| 040 |
_aCaPaEBR _cCaPaEBR |
||
| 035 | _a(OCoLC)645148333 | ||
| 050 | 1 | 4 |
_aLB2331 _b.B847 2004eb |
| 082 | 0 | 4 |
_a378.1/2 _222 |
| 100 | 1 |
_aBurns, Tom, _d1959- |
|
| 245 | 1 | 0 |
_aTeaching, learning and study skills _h[electronic resource] : _ba guide for tutors / _cTom Burns and Sandra Sinfield. |
| 246 | 1 | 4 | _aTeaching, learning & study skills |
| 260 |
_aLondon ; _aThousand Oaks, Calif. : _bSAGE Publications, _c2004. |
||
| 300 |
_aix, 273 p. : _bill. |
||
| 490 | 1 | _aSage study skills | |
| 504 | _aIncludes bibliographical references and index. | ||
| 533 |
_aElectronic reproduction. _bPalo Alto, Calif. : _cebrary, _d2013. _nAvailable via World Wide Web. _nAccess may be limited to ebrary affiliated libraries. |
||
| 650 | 0 |
_aCollege teaching _vHandbooks, manuals, etc. |
|
| 650 | 0 |
_aStudy skills _vHandbooks, manuals, etc. |
|
| 655 | 7 |
_aElectronic books. _2local |
|
| 700 | 1 | _aSinfield, Sandra. | |
| 710 | 2 | _aebrary, Inc. | |
| 830 | 0 | _aSage study skills. | |
| 856 | 4 | 0 |
_uhttp://site.ebrary.com/lib/rucke/Doc?id=10256890 _zAn electronic book accessible through the World Wide Web; click to view |
| 999 |
_c13437 _d13437 |
||